Changing anarchism (Record no. 98066)
[ view plain ]
| 000 -LEADER | |
|---|---|
| fixed length control field | 01241nam a2200325 a 4500 |
| 082 04 - DEWEY DECIMAL CLASSIFICATION NUMBER | |
| Classification number | 335.83 |
| 245 00 - TITLE STATEMENT | |
| Title | Changing anarchism |
| 260 ## - PUBLICATION, DISTRIBUTION, ETC. (IMPRINT) | |
| Place of publication | Manchester : |
| -- | New York : |
| Name of publisher | Manchester University Press, |
| Year of publication | 2004. |
| 300 ## - PHYSICAL DESCRIPTION | |
| Number of Pages | x, 259 p. |
| 650 #0 - SUBJECT ADDED ENTRY--TOPICAL TERM | |
| Topical Term | Anarchism. |
| 700 1# - ADDED ENTRY--PERSONAL NAME | |
| Personal name | Purkis, Jon. |
| Personal name | Bowen, James, |
| 856 40 - ELECTRONIC LOCATION AND ACCESS | |
| Uniform Resource Identifier | http://site.ebrary.com/lib/rucke/Doc?id=10096092 |
No items available.
